000 00574nam a2200181 i 4500
001 91180
003 ES-MaACL
005 20250718063319.0
007 t|
008 050127s1910 fr ||||1| fre d
100 1 _aLeroy-Beaulieu, Paul,
_d1843-1916
_971810
245 1 0 _aTraité théorique et pratique d'Economie politique /
_cpar Paul Leroy-Beaulieu.
250 _a5ème éd., rev. et aug.
260 _aParis :
_bFélix Alcan,
_c1910 (
_eSaint-Denis :
_fH. Bouillant)
300 _a4 v. ;
_c23 cm.
852 _aES-MaACL
_jD-2829-32
999 _c91180
_d91180